| 000 | 00428nam a22001337a 4500 | ||
|---|---|---|---|
| 008 | 160209b xxu||||| |||| 00| 0 eng d | ||
| 050 | _aSPC DT2900.F775 | ||
| 100 |
_aFourie, Mary _922099 |
||
| 245 |
_aZimbabwe Tapestry and other poems _cMary Fourie |
||
| 260 |
_aDevon _bArthur H. Stockwell Limited _c1963 |
||
| 300 |
_a42p. ; _c18cm. |
||
| 650 |
_aRhodesia, Southern _xPoetry _zDescription and Travel _922100 |
||
| 942 |
_2lcc _cSPC |
||
| 999 |
_c124110 _d124110 |
||